Normal view
MARC view
- Hayes, R.B
Entry Personal Name
001 - CONTROL NUMBER
- control field: 7030
003 - CONTROL NUMBER IDENTIFIER
- control field: OSt
005 - DATE AND TIME OF LATEST TRANSACTION
- control field: 20250130112827.0
008 - FIXED-LENGTH DATA ELEMENTS
- fixed length control field: 250130|| aca||aabn | a|a d
040 ## - CATALOGING SOURCE
- Original cataloging agency: OSt
- Transcribing agency: OSt
100 ## - HEADING--PERSONAL NAME
- Personal name: Hayes, R.B
670 ## - SOURCE DATA FOUND
- Source citation: Work cat.: (OSt)1571: Aisenbrey, A.J . 7029, Design of small canal structures / , 1986.
